Name a Four-Letter Word with Double Letters AA-ZZ - Statistics

General Stats
  • This quiz has been taken 112 times
  • The average score is 11 of 19
Answer Stats
Hint Answer % Correct
EE agee, ajee, akee + more
98%
LL alls, ally, ball + more
91%
OO boob, book, boom + more
91%
FF baff, biff, boff + more
84%
SS bass, boss, buss + more
79%
ZZ bazz, buzz, fizz + more
72%
GG eggs, eggy, hogg + more
71%
DD adds, eddo, eddy + more
70%
BB abba, abbe, bibb + more
68%
RR birr, brrr, burr + more
63%
TT batt, bitt, bott + more
60%
NN anna, bunn, conn + more
57%
AA aahs, aals, baal + more
55%
PP apps, oppo, repp + more
45%
MM ammo, comm, immy + more
43%
JJ hajj
34%
XX doxx, vaxx
8%
HH shhh
7%
KK ekka
3%
No matching quizzes found
Score Distribution
Percent of People with Each Score
Percentile by Number Answered
Your Score History
You have not taken this quiz